In the outer court / (Record no. 842012)

MARC details
000 -LEADER
fixed length control field 00855nam a2200265 a 4500
001 - CONTROL NUMBER
control field vtls001373537
003 - CONTROL NUMBER IDENTIFIER
control field NLI
005 - DATE AND TIME OF LATEST TRANSACTION
control field 20210627110725.0
008 - FIXED-LENGTH DATA ELEMENTS--GENERAL INFORMATION
fixed length control field 120628s1903 enk 000 0 eng
039 #9 - LEVEL OF BIBLIOGRAPHIC CONTROL AND CODING DETAIL [OBSOLETE]
-- 201206281831
-- VLOAD
040 ## - CATALOGING SOURCE
Original cataloging agency NLI
Language of cataloging eng
Transcribing agency Datasoft_IMP
Description conventions AACR2
041 0# - LANGUAGE CODE
Language code of text/sound track or separate title eng
044 ## - COUNTRY OF PUBLISHING/PRODUCING ENTITY CODE
MARC country code enk
084 ## - OTHER CLASSIFICATION NUMBER
Classification number 179
100 1# - MAIN ENTRY--PERSONAL NAME
Personal name Besant, Annie,
Dates associated with a name 1847-1933
9 (RLIN) 688057
245 10 - TITLE STATEMENT
Title In the outer court /
Statement of responsibility, etc. by Annie Besant
260 ## - PUBLICATION, DISTRIBUTION, ETC.
Place of publication, distribution, etc. London :
Name of publisher, distributor, etc. Theosophical Pub.,
Date of publication, distribution, etc. 1903
300 ## - PHYSICAL DESCRIPTION
Extent 191, [1] p. ;
Dimensions 19 cm.
500 ## - GENERAL NOTE
General note "Verbatim reports of five lectures given in the Blavatsky lodge, London, at the Headquarters of the European section of the Theosophical Society, during August, 1895."
650 #0 - SUBJECT ADDED ENTRY--TOPICAL TERM
Topical term or geographic name entry element Theosophy
9 (RLIN) 679401
887 ## - NON-MARC INFORMATION FIELD
Content of non-MARC field
901 ## - LOCAL DATA ELEMENT A, LDA (RLIN)
a IMP138014 :
b 20.10.2011
902 ## - LOCAL DATA ELEMENT B, LDB (RLIN)
a 179 D 691
942 ## - ADDED ENTRY ELEMENTS (KOHA)
Source of classification or shelving scheme Dewey Decimal Classification
Koha item type Books
Holdings
Withdrawn status Lost status Damaged status Not for loan Home library Current library Date acquired Total Checkouts Full call number Date last seen Price effective from Koha item type
        National Library of India National Library of India     179 D 691 27/06/2021 27/06/2021 Books
                                                                           
web counter

Copyright ©2020 The National Library of India, Govt. of India ↔ Hosted by NVLI, MOC ↔ Technology and Design by National Library of India, Ministry of Culture, Govt. of India